000 00687nam a2200181 4500
005 20231116112233.0
010 _aENG-138401
020 _c1765.00
_a9789354097447
035 _aEN-121933
037 _bDBAD/PUB
082 _a920
100 _aElecting The First Citizen
_958754
245 _aElecting The First Citizen:
_bAn Illustrated Chronicle Of Indian's Presidential Elections/
_hEnglish
260 _aNew Delhi
_bDirector General Publications Division
_c2023
270 _aMinistry of Information & Broadcasting Government of India, Soochna bhawan CGO Complex, Lodhi Road
_bNew Delhi
_e110003
300 _a220p.
_c30cm(hB)
942 _2ddc
_cEN
_h920
_mELE
_e1
999 _c199108
_d199108